000 00677nam a2200217 a 4500
005 20140310183520.0
008 110802s19uu xx 00 eng d
020 _a9710871218
050 _aQA 76.73.B3
_b.P422 2011
100 _aPepito, Copernicus P.
245 _aIntroduction to visual basic:
_b2008 programming. /
_cCopernicus P. Pepito
260 _aMandaluyong City :
_bNBS,
_c2011.
300 _a433 p. :
_bill. ;
_c23 cm.
440 _aSeries 2-with simple visual C# 2008 jump-start
521 _aIT
650 _aVisual basic ( computer program language).
650 _aMicrosoft visual basic.
942 _cBK
_2lcc
_kLOC
999 _c24395
_d24395